000 00565nam a2200193Ia 4500
003 IN-BaIIA
008 211028s9999 xx 000 0 eng d
020 _a978-0-86315-817-9
040 _cIIA Library
080 _a059:524.3
_bMIZ
100 _aMizon, Bob
_935149
245 0 _aStargazers' almanac 2012
_bmonthly guide to the stars and planets
_cBob Mizon
260 _aEdinburgh
_bFloris books
_c2011
300 _a[various pagings.]
650 _aAstronomy-Almanac
_935150
650 _aPlanets-Almanac
_935151
650 _aStars-Almanac
_935152
942 _cBK
999 _c18341
_d18341